| 000 | 01016nam a2200277Ia 4500 | ||
|---|---|---|---|
| 003 | OSt | ||
| 005 | 20221005112031.0 | ||
| 006 | a|||||r|||| 00| 0 | ||
| 007 | ta | ||
| 008 | 221004b |||||||| |||| 00| 0 hin d | ||
| 020 | _c200 | ||
| 024 | _a8569 | ||
| 037 |
_b240, 17/12/2013, Eastern Book Linkers _cTextual |
||
| 040 |
_aCRL _cCRL _bhin |
||
| 041 |
_2hin _ahin |
||
| 082 | _aBxN, 152Q1 | ||
| 100 | _aव्यवहारे, अनंत | ||
| 245 | 0 | _aभारतीय गणितज्ञ | |
| 246 | _aBhāratīya gaṇitagna | ||
| 260 |
_aवाराणसी _bशारदा संस्कृत संस्थान भारत _c2011 |
||
| 300 |
_a144पृ0 _ccm. |
||
| 650 | _aग्थ्ण्ज्ञत् | ||
| 700 | _a सप्रे, ना. वि., अनु. | ||
| 942 |
_hBxN, 152Q1 _cTEXL _2cc |
||
| 999 |
_c1023631 _d1023631 |
||